Un palmar sin orillas /
Guardado en:
| Autor Principal: | |
|---|---|
| Otros Autores: | , |
| Formato: | Libro |
| Publicado: |
Buenos Aires :
En Danza,
2014
|
| Materias: | |
| Etiquetas: |
Agregar Etiqueta
Sin Etiquetas, Sea el primero en etiquetar este registro!
|
| LEADER | 01364nam a22002895a 4500 | ||
|---|---|---|---|
| 001 | CEM.cems018434 | ||
| 008 | 130507s2014##################000#0#####d | ||
| 005 | 20220214181845.0 | ||
| 003 | CEMS | ||
| 245 | 1 | 0 | |a Un palmar sin orillas / |c Francisco Madariaga ; selección y Prólogo de Javier Cófreces y Eduardo Mileo |
| 260 | |a Buenos Aires : |b En Danza, |c 2014 | ||
| 300 | |a 124 p. | ||
| 505 | 0 | |a El pequeño patíbulo (1954) -- Las jaulas del sol (1959) -- El delito natal (1963) -- Los terrores de la suerte (1967) -- Tembladerales de oro (1973) -- Aguatrino (1976) -- Llegada de un jaguar a la tranquera (1980) -- Una acuarela móvil (1985) -- Resplandor de mis bárbaras (1985) -- País Garza Real (1997) -- En la tierra de nadie (1998) -- Aroma de apariciones (1998) -- Criollo del universo (1998) | |
| 020 | |a 9789871869190 | ||
| 100 | 1 | |a Madariaga, Francisco | |
| 700 | 1 | |a Cófreces, Javier, sel. | |
| 700 | 1 | |a Mileo, Eduardo, pról. | |
| 082 | 0 | 4 | |a A861.4 |
| 653 | |a Literatura | ||
| 653 | |a Literatura argentina | ||
| 653 | |a Poesías | ||
| 653 | |a Poesía argentina | ||
| 653 | |a Colección Juan Gelman | ||
| 653 | |a Biblioteca Juan Gelman | ||
| 859 | |a CEMS |b BIB. CEMS - Agricultura |h A861.4 |i M261 |p A2226.15 |t Ej.1 | ||
| 859 | |a CEMS |b BIB. CEMS - 11 de abril |h A861.4 |i M261 |p 27443.18 |t Ej.1 | ||
| 859 | |a CEMS |b BIB. CEMS - 11 de abril |h A861.4 |i M261 |p 27713.19 |t Ej.2 | ||
